00828nam a2200241Ia 4500003000400000005001700004008004100021020002200062040000700084041000800091082001500099100003400114245005900148260004500207300001800252365001300270650003000283650003100313906006300344942001200407999001900419952014800438OSt20230509135736.0210423s2012 xx 000 0 und d a978-0-19-566270-2 cAL aeng a820.9 MUKP aMUKHERJEE (Meenakshi)9100889 aPerishable empire: essays on Indian writing in english aNew DelhibOxford University Pressc2012 axiii,212pbPB b295cINR aEnglish Criticism9100890 aEnglish Literature9100891 aempire: ; english ; essays ; Indian ; Perishable ; writing 2ddccBK c165651d165651 001040708MAENGaSACPGbSACPGd2014-07-14eSapna Book Houseg295.00l1o820.9 MUKPpPG012149r2024-11-08 00:00:00s2024-11-06w2021-04-26yBK